Henri Matisse 1904-1917
Сохранить в:
| Формат: | |
|---|---|
| Язык: | французский |
| Опубликовано: |
París
Editions du Centre Georges Pompidou
1993
|
| Предметы: | |
| Метки: |
Добавить метку
Нет меток, Требуется 1-ая метка записи!
|
MARC
| LEADER | 00000nam a2200000 a 4500 | ||
|---|---|---|---|
| 001 | UCW0032 | ||
| 003 | CL-VaPUC | ||
| 008 | 930910e19930000FR |||||||||||||||||fre|d | ||
| 082 | 0 | 4 | |a 759.0643 |b HEN |2 21 |
| 245 | 1 | 0 | |a Henri Matisse 1904-1917 |
| 300 | |a 523 p | ||
| 942 | |c BK | ||
| 945 | |d 19930910 00:00:00 | ||
| 260 | |a París |b Editions du Centre Georges Pompidou |c 1993 | ||
| 600 | 0 | |a Matisse, Henri, |d 1869-1954 |9 553758 | |
| 650 | 7 | |a PINTURA MODERNA SIGLO 19 |2 CL-VaPUC |9 304013 | |
| 650 | 0 | |a Pintura |9 265046 | |
| 650 | 0 | |a Obras ilustradas |9 265022 | |
| 651 | 0 | |a Francia |9 255157 | |
| 583 | |a last modification |c 19930910 00:00:00 |k Rodrigo Vera | ||
| 999 | |c 215284 |d 215282 | ||
| 952 | |0 0 |1 0 |2 ddc |4 0 |6 759_064300000000000_HEN_1993 |7 0 |8 P |9 199369 |a BIBARQ |b BIBARQ |d 2019-11-14 |i 2666723 |o 759.0643 HEN 1993 |p 2666723 |r 2025-01-20 |w 2019-11-14 |y BK |k ARQ | ||